000 00454nam a2200181Ia 4500
003 OSt
005 20231004120626.0
008 230222s9999||||xx |||||||||||||| ||und||
020 _a9966364927
040 _cChuka University Library
050 _aPL 8704
_bA7G5 2011
100 _aTimothy, M Arege
_98121
245 0 _aGITAA:NA HADITHI NYINGINE
260 _aNairobi
_bLonghorn
_c2011
300 _a181p
650 _aSwahili
_912861
942 _cBK
_2lcc
999 _c13346
_d13346